LEADER 01148nam a2200289 u 4500 001 000000005433 003 CaOOAMICUS 005 20070226104748.0 008 940514s1976 it u000 u ita u 020 $aL5200 035 $a10141593 040 $aPUL(R)$bita 100 1 $aCapograssi, Giuseppe,$d1889-1956.$0(OLS)http://pul/name/5632 245 10$aIntroduzione alla vita etica /$cGiuseppe Capograssi ; a cura di Claudio Vasale. 260 $aRoma :$bStudium,$c1976. 300 $aviii, 201 p. ;$c21 cm 490 1 $aDialettica ;$v1 504 $a"Nota bio-bibliografica": p. [195]-201. 650 4$aEtica.$0(OLS)http://pul/subject/547 700 1 $aVasale, Claudio.$0(OLS)http://pul/name/855 830 0$aDialettica ;$v1.$0(OLS)http://pul/title/3052 850 $aPUL 852 $aPUL$W1$xDP1 Altre Collocazioni$y17$mSenza collocazione$j12$nBK-PRI$b $qStampati$B7604$CPULBib$Z2$F7604 $H $81 941 1 $a8 996 $6020$aL5200$9(OLS)http://pul/number/7059 996 $6245$aIntroduzione alla vita etica$9(OLS)http://pul/title/7953 996 $6260$aRoma :$bStudium$9(OLS)http://pul/publisher/47892 LEADER 01995nam a2200325 u 4500 001 000000047832 003 CaOOAMICUS 005 20070226114929.0 008 000217s1998 it u000 u ita u 020 $a88-14-06616-7 035 $a10841768 040 $aMSA$bita 245 02$aI diritti dell'uomo in Italia :$bl'applicazione della dichiarazione universale nell'ordinamento italiano /$c[a cura di] Francesco Durante, Maria Felicita Gennarelli. 260 $aMilano :$bA. Giuffrè,$c1998. 300 $a2 v. ;$c24 cm 490 1 $aPubblicazioni del Dipartimento di teoria dello Stato dell'Università degli studi di Roma La Sapienza. Biblioteca di diritto internazionale Tomaso Perassi ;$v6 650 4$aDiritti umani$xGiurisprudenza costituzionale.$0(OLS)http://pul/subject/20164 650 4$aDiritti umani$xTutela internazionale.$0(OLS)http://pul/subject/20165 700 1 $aGennarelli, Maria Felicita.$0(OLS)http://pul/name/34740 700 1 $aDurante, Francesco,$d1927-$0(OLS)http://pul/name/34739 830 0$aPubblicazioni del Dipartimento di teoria dello Stato dell'Università degli studi di Roma La Sapienza. Biblioteca di diritto internazionale Tomaso Perassi ;$v6.$0(OLS)http://pul/title/64386 850 $aPUL 852 $aPUL$W1$xDP2 Diritto e Scienze Sociali 3$y110$m342. 45 DURFR 1.1$j175360$nBK-PRI$b $qDDC 21$B63851$CPULBib$Z2$F63851 $H85264/1 $81 852 $aPUL$W1$xDP2 Diritto e Scienze Sociali 3$y110$m342. 45 DURFR 1.2$j175361$nBK-PRI$b $qDDC 21$B63852$CPULBib$Z2$F63852 $H85264/2 $81 941 1 $a9 961 $apRECEDENTE cOLLOCAZIONE: DCiv 78 6(1-2) 961 $aPrecedente Collocazione: DCiv 78 6(1-2) 996 $6020$a88-14-06616-7$9(OLS)http://pul/number/59867 996 $6245$aI diritti dell'uomo in Italia :$bl'applicazione della dichiarazione universale nell'ordinamento italiano$9(OLS)http://pul/title/64385 996 $6260$aMilano :$bA. Giuffrè$9(OLS)http://pul/publisher/48096